HATI KINTSUGI

Bibliographic Details
Main Author: Mazny M.R (Author)
Other Authors: Nor Liana Omar (Editor)
Format: Book
Language:Malay
Published: Shah Alam, Selangor : Mazni Binti Md Ramly 2024
Subjects:

MARC

LEADER 00000cam a2200000 7i4500
001 0000153797
005 20250520.0
008 241203s2024 my x f may
020 |a 9786299875604 
040 |a PERPUSTAM   |b eng   |c PERPUSTAM   |e rda 
041 |a may 
090 0 0 |a F   |b MAZ 
100 0 |a Mazny M.R. ,   |e author 
245 1 0 |a HATI KINTSUGI   |c Mazny M.R.; Editor: Nor Liana Omar 
264 1 |a Shah Alam, Selangor :   |b Mazni Binti Md Ramly   |c 2024 
300 |a 340 pages ;   |c 20 cm. 
336 |a text  |2 rdacontent 
337 |a unmediated  |2 rdamedia 
338 |a volume  |2 rdacarrier 
650 0 |a Malay fiction 
650 4 |a Malaysian fiction (Malay) 
700 0 |a Nor Liana Omar ,   |e editor 
999 |a 0000810439   |b Buku   |c Rak Terbuka   |e Perbadanan Perpustakaan Awam Melaka 
999 |a 0000810440   |b Buku   |c Rak Terbuka   |e Perbadanan Perpustakaan Awam Melaka 
999 |a 0000810441   |b Buku   |c Rak Terbuka   |e Perbadanan Perpustakaan Awam Melaka 
999 |a 0000810442   |b Buku   |c Rak Terbuka   |e Perpustakaan Cawangan Jasin 
999 |a 0000810443   |b Buku   |c Rak Terbuka   |e Perpustakaan Cawangan Masjid Tanah 
999 |a 0000810444   |b Buku   |c Rak Terbuka   |e Perpustakaan Cawangan Merlimau 
999 |a 0000810445   |b Buku   |c Rak Terbuka   |e Perpustakaan Komuniti UTC Melaka 
999 |a 0000810446   |b Buku   |c Rak Terbuka   |e Perbadanan Perpustakaan Awam Melaka 
999 |a 0000810447   |b Buku   |c Rak Terbuka   |e Perbadanan Perpustakaan Awam Melaka 
999 |a 0000810448   |b Buku   |c Rak Terbuka   |e Perbadanan Perpustakaan Awam Melaka 
999 |a 0000810449   |b Buku   |c Rak Terbuka   |e Perbadanan Perpustakaan Awam Melaka